000 00679nam a22002657a 4500
003 UA-OsUOA
001 25842
007 ta
008 20040428b un ||||| |||| 00| 0 ukr d
100 _aЗлупко С.М.
700 _aТокарський Т.Б.
090 _a364
_bЗ-68
942 _cBK
040 _aUA-OsUOA
_bukr
_cUA-OsUOA
_dUA-OsUOA
245 _aУкраїна та Ізраїль: зайнятість та соціальний захист населення
300 _a138 с.
955 _a0
041 _aukr
080 _a364
020 _a966-71-75-18-9
260 _aЛьвів
_c1999
044 _aUA
650 7 _2UDC
999 _c312147
_d312147